000 00906nam a22002417a 4500
005 20100811113812.0
010 _aENG-99194
020 _a8185835551
_c360.00
035 _aEN-82726
037 _bDBAD/PUB
082 _a337.154
245 _aCooperative development,peace and security in South Asia /
_cedited by Neetu gaur [and] Vijay Laxmi
260 _aChandigarh
_bCentre for Research in Rural and Industrial Development
_c2009
270 _a19A-,Madhya Marg,Chandigarh
_bChandigarh
_e160002
300 _axvi,144p.
_b23cm (pbk)
650 _aCommerce
_911066
650 _aInternational economic integration
_911067
650 _aPolitical Science
_911068
700 _910603
700 _910604
942 _2ddc
_cEN
_h337.154
_mCOO
999 _c40889
_d40889